Propuesta de un modelo de administración del inventario de materia prima del taller de zapatería YADS en el municipio de Masaya
El presente trabajo propone un sistema de administración de inventario de materia prima del taller de zapaterías, con la finalidad de presentar un modelo de gestión propuesto de administración para los materiales primarios, que facilite la reducción de costos operativos correspondientes como la...
| Main Authors: | , , |
|---|---|
| Other Authors: | |
| Format: | Tesis Section = Libro |
| Language: | Undetermined Spanish |
| Published: |
Managua
UNI
2020
|
| Subjects: |
| LEADER | 01284nam a2200277Ia 4500 | ||
|---|---|---|---|
| 008 | 240830s9999 xx 000 0 und d | ||
| 040 | |a BIBLIOTECA-RUPAP Mon 658.787 E77 | ||
| 041 | |a spa | ||
| 082 | |a Mon 658.787 E77 | ||
| 100 | 1 | |a Espinoza Rayo, Drewuel Enrique | |
| 100 | 1 | |b García Rodríguez, Bayron Francisco | |
| 100 | 1 | |c Jirón Gutiérrez, Saúl Amilcar | |
| 245 | 1 | 0 | |a Propuesta de un modelo de administración del inventario de materia prima del taller de zapatería YADS en el municipio de Masaya |
| 260 | |a Managua |b UNI |c 2020 | ||
| 300 | |a 89 p. :il | ||
| 500 | |a Contiene: anexos y CD. | ||
| 502 | |a Tesis (Ingeniero Industrial)- UNI, 2020. | ||
| 520 | 3 | |a El presente trabajo propone un sistema de administración de inventario de materia prima del taller de zapaterías, con la finalidad de presentar un modelo de gestión propuesto de administración para los materiales primarios, que facilite la reducción de costos operativos correspondientes como la gestión de los pedidos. | |
| 650 | 7 | |a CONTROL DE INVENTARIO | |
| 650 | 7 | |b ADMINISTRACION DE INVENTARIO | |
| 650 | 7 | |c INVENTARIO-CLASIFICACION | |
| 650 | 7 | |d INDUSTRIA DEL CALZADO-NICARAGUA | |
| 700 | 1 | |a Tutor: |b Gómez Guadamuz; Mario Arnulfo | |
| 942 | |c BK |2 ddc | ||
| 991 | |a TESIS | ||
| 999 | |c 17600 | ||